| 000 | 00523nam a22001577a 4500 | ||
|---|---|---|---|
| 003 | OSt | ||
| 005 | 20150910110526.0 | ||
| 008 | 150910b xxu||||| |||| 00| 0 eng d | ||
| 040 | _cRUA | ||
| 082 | _aAGR អន 1995 B012 Or.1 | ||
| 100 |
_9220 _aអន វណ្ណៈ |
||
| 245 | _aការស្រាវជ្រាវអំពីសត្វល្អិតចង្រៃដែលបំផ្លាញដំណាំស្រូវ | ||
| 260 |
_aPhnom Penh _bRUA _c1995 |
||
| 300 |
_a107p. _bill. _c29cm. |
||
| 942 |
_2ddc _cAGR |
||
| 999 |
_c203 _d203 |
||